000 01425nam a2200385 i 4500
001 000003945
003 DO-SdBNP
005 20240302073952.0
007 ta
008 090715s2007 dr 001 0 spa d
020 _a9789945161373
040 _aDO-SdBNP
_bspa
_cBNPHU
_erda
082 4 _aH861.5
_bP745m
_222
245 0 0 _aPoesía mística del interiorismo :
_bantología de la lírica teopoética y protomística /
_cBruno Rosario Candelier.
264 _aSanto Domingo :
_bAteneo Insular Internacional,
_c2007.
300 _a341 páginas ;
_c23 cm.
336 _2rdacontent
_atexto
_btxt
337 _2rdamedia
_asin mediación
_bn
338 _2rdacarrier
_avolumen
_bnc
490 0 _aEn la interior bodega
_v6
500 _aIncluye índice
500 _aIncluye biobibliografía de los autores compilados
590 _aInventariado, 2018/ YL
650 4 _aPoesía hispanoamericana
_ySiglo XX
_911867
650 4 _aPoesía española
_ySiglo XX
_99197
650 0 _aPoesía dominicana
_ySiglo XX
_911868
650 4 _aMisticismo en la literatura
_98754
650 4 _aDios
_xPoesíaS
_911869
650 4 _aAutores españoles
_xBiografías
_ySiglo XX
_911870
650 4 _aAutores dominicanos
_ySiglo XX
_911871
_vBiografías
650 4 _aInteriorismo literario (Movimiento literario)
_984690
700 1 _aRosario Candelier, Bruno,
_d1941-
_9851
910 _aValidado. Control de calidad. MFF
942 _2ddc
_cLBS1
999 _c3764
_d3764